The East African Protectorate : Kenya law reports 1906 - 1908 Vol. II / (Record no. 2134)

MARC details
000 -LEADER
fixed length control field 01653cas a2200421 a 4500
001 - CONTROL NUMBER
control field 11278616
003 - CONTROL NUMBER IDENTIFIER
control field OSt
005 - DATE AND TIME OF LATEST TRANSACTION
control field 20110520131109.0
008 - FIXED-LENGTH DATA ELEMENTS--GENERAL INFORMATION
fixed length control field 830602c19769999ke uu w 0 a0eng
010 ## - LIBRARY OF CONGRESS CONTROL NUMBER
LC control number 83980268
035 ## - SYSTEM CONTROL NUMBER
System control number (OCoLC)ocm09567320
040 ## - CATALOGING SOURCE
Original cataloging agency DLC
Transcribing agency DLC
Modifying agency NST
-- MH
-- OCoLC
-- NST
-- OCoLC
-- MiEM
042 ## - AUTHENTICATION CODE
Authentication code lc
043 ## - GEOGRAPHIC AREA CODE
Geographic area code f-ke---
050 00 - LIBRARY OF CONGRESS CALL NUMBER
Classification number LAW
050 14 - LIBRARY OF CONGRESS CALL NUMBER
Classification number KSK18.A2
Item number K46
082 0# - DEWEY DECIMAL CLASSIFICATION NUMBER
Classification number 348.0416762
Edition number 22
245 04 - TITLE STATEMENT
Title The East African Protectorate : Kenya law reports 1906 - 1908 Vol. II /
246 13 - VARYING FORM OF TITLE
Title proper/short title KLR
260 ## - PUBLICATION, DISTRIBUTION, ETC. (IMPRINT)
Place of publication, distribution, etc Nairobi :
Name of publisher, distributor, etc Oceana Publications,
Date of publication, distribution, etc 1967-
300 ## - PHYSICAL DESCRIPTION
Extent v. ;
Dimensions 26 cm.
362 0# - DATES OF PUBLICATION AND/OR SEQUENTIAL DESIGNATION
Dates of publication and/or sequential designation 1976-
500 ## - GENERAL NOTE
General note Includes reports of decisions of the High Court of Kenya and the Court of Appeal for East Africa.
500 ## - GENERAL NOTE
General note Published by: The National Council for Law Reporting, <2003->.
500 ## - GENERAL NOTE
General note Latest issue consulted: 2004.
515 ## - NUMBERING PECULIARITIES NOTE
Numbering peculiarities note Publication suspended with 1980; resumed publication with <1981/1992, published 2002>.
515 ## - NUMBERING PECULIARITIES NOTE
Numbering peculiarities note 2004 issued in 2 vols.
590 ## - LOCAL NOTE (RLIN)
Local note SERBIB/SERLOC merged record
650 #0 - SUBJECT ADDED ENTRY--TOPICAL TERM
Topical term or geographic name as entry element Law reports, digests, etc.
Geographic subdivision Kenya.
9 (RLIN) 4252
710 1# - ADDED ENTRY--CORPORATE NAME
Corporate name or jurisdiction name as entry element Kenya.
Subordinate unit High Court.
9 (RLIN) 4253
710 2# - ADDED ENTRY--CORPORATE NAME
Corporate name or jurisdiction name as entry element Court of Appeal for East Africa.
9 (RLIN) 2556
710 2# - ADDED ENTRY--CORPORATE NAME
Corporate name or jurisdiction name as entry element National Council for Law Reporting (Kenya)
9 (RLIN) 4251
906 ## - LOCAL DATA ELEMENT F, LDF (RLIN)
a 7
b cbc
c serials
d 2
e ncip
f 19
g n-oclcserc
942 ## - ADDED ENTRY ELEMENTS (KOHA)
Source of classification or shelving scheme Dewey Decimal Classification
Koha item type Law Reports
Holdings
Withdrawn status Lost status Source of classification or shelving scheme Damaged status Not for loan Home library Current library Shelving location Date acquired Total Checkouts Full call number Barcode Date last seen Price effective from Koha item type
    Dewey Decimal Classification     Law Development Centre Main Library Law Development Centre Main Library Law Reports 05/20/2011   348.0416762 2011/1649 05/20/2011 05/20/2011 Law Reports
    Dewey Decimal Classification     Law Development Centre Main Library Law Development Centre Main Library Law Reports 05/20/2011   348.0416762 2011/1650 05/20/2011 05/20/2011 Law Reports